Production and operations management : (with skill development, caselets and cases) (Record no. 33970)

MARC details
000 -LEADER
fixed length control field 00586nam a2200193Ia 4500
020 ## - INTERNATIONAL STANDARD BOOK NUMBER
ISBN 9788122421774
050 ## - CALL MARK
Classification number TS 155 .A55/
100 ## - STATEMENT OF RESPONSIBILITY--MAIN AUTHOR NAME
Personal name Anil Kumar, S.
245 #0 - TITLE STATEMENT
Title Production and operations management : (with skill development, caselets and cases)
250 ## - EDITION / VOLUME STATEMENT
Edition / Volume statement 2nd ed.
260 ## - PUBLICATION, DISTRIBUTION, ETC. (IMPRINT)
Place of publication New Delhi
260 ## - PUBLICATION, DISTRIBUTION, ETC. (IMPRINT)
Name of publisher New Age International
260 ## - PUBLICATION, DISTRIBUTION, ETC. (IMPRINT)
Year of publication 2008
300 ## - PHYSICAL DESCRIPTION
Number of Pages 271 p
650 ## - SUBJECT ADDED ENTRY--TOPICAL TERM
Topical Term Production management. Materials management. Production control. Electronic books. |2 local
942 ## - ADDED ENTRY ELEMENTS (KOHA)
Koha item type Books
Holdings
Withdrawn status Lost status Source of classification or shelving scheme Damaged status Not for loan Permanent Location Current Location Date acquired Accession Number Price effective from Koha item type
    Library of Congress Classification     NILE UNIVERSITY OF NIGERIA - MAIN LIBRARY NILE UNIVERSITY OF NIGERIA - MAIN LIBRARY 04/23/2025 0010619 04/23/2025 Books